000 00487nam a2200169 i 4500
001 bg
245 0 _aEkonomika /
_c[red. zesz. A. W. Strumiłło].
260 _aLublin,
_c1983.
490 1 _aPrace Naukowe Instytutu Organizacji i Zarządzania ;
_vnr 18
700 1 _aStrumiłło, Andrzej W.
_eRed.
830 _aPrace Naukowe Instytutu Organizacji i Zarządzania ;
040 _cBPK
041 _apol
080 _a338.2
942 _cKS
008 s pl f |000 0 pol
999 _c22196
_d22196
856 _uhttp://koha.tu.koszalin.pl/cgi-bin/koha/opac-detail.pl?biblionumber=22196
_yKatalog online BPK